Born in Charlotte - Statistics

General Stats
  • This quiz has been taken 32 times
    7 since last reset
  • The average score is 4 of 17
Answer Stats
Hint Answer % Correct
Prominent evangelical Christian figure and one of the most influential Christian leaders of the 20th century 1918 Billy Graham
60%
Founder of Lay's potato chips 1909 Herman Lay
60%
Sportscaster and lead play-by-play announcer of CBS's NFL coverage 1959 Jim Nantz
60%
Hall of Fame power forward who played for the Philadelphia 76ers and Denver Nuggets 1951 Bobby Jones
40%
Quarterback who played for the New York Giants 1997 Daniel Jones
40%
Shooting guard who plays for the Dallas Mavericks and has a famous younger brother 1990 Seth Curry
40%
Actress, known for her role as Jenny Willis Jefferson in "The Jeffersons" 1949 Berlinda Tolbert
20%
Actress, "A World Beyond" "The Space Between Us" "I Still Believe" 1990 Britt Robertson
20%
Actress, "Grey's Anatomy" "Supergirl" "Not Another Teen Movie" 1982 Chyler Leigh
20%
Shortstop who plays for the Texas Rangers and two time World Series MVP 1994 Corey Seager
20%
Secretary of Transportation from 2013 to 2017 and Mayor of Charlotte from 2009 to 2013 1971 Anthony Foxx
0%
Astronaut, tenth and youngest person to walk on the Moon 1935 Charles Duke
0%
Offensive tackle who plays for the Carolina Panthers 2000 Ikem Ekwonu
0%
Cornerback who plays for the Green Bay Packers 1997 Jaire Alexander
0%
Actor, known for his role as Dean Craig Pelton in "Community" 1971 Jim Rash
0%
Defensive tackle who plays for the Philadelphia Eagles 2000 Jordan Davis
0%
Manager of the San Diego Padres 1968 Mike Shildt
0%
No matching quizzes found
Score Distribution
Percent of People with Each Score
Percentile by Number Answered
Your Score History
You have not taken this quiz since the last reset